Live action Disney - Statistiques

Statistiques générales
  • Ce quiz a été pris 103 fois
  • Le résultat moyen est 14 sur 25
Statistiques - réponses
année Titre % Correct
2025 Blanche Neige
90%
2015 Cendrillon
86%
2017 La Belle et la Bête
82%
2023 La Petite Sirène
82%
2019 Le Roi lion
82%
2025 Lilo et Stitch
78%
2020 Mulan
75%
2019 Aladdin
68%
2014 Maléfique
68%
1994 Le Livre de la jungle
65%
2016 Le Livre de la jungle
65%
2019 Dumbo
60%
2022 Pinocchio
60%
1996 Les 101 Dalmatiens
57%
2021 Cruella
56%
2010 Alice au pays des merveilles
54%
2019 La Belle et le Clochard
51%
2019 Maléfique : Le Pouvoir du mal
36%
2024 Mufasa : Le Roi lion
36%
2016 Alice de l'autre côté du miroir
33%
2023 Peter Pan et Wendy
26%
2016 Peter et Elliott le dragon
25%
2018 Jean-Christophe et Winnie
19%
2000 102 Dalmatiens
11%
1998 Le Livre de la jungle : L'Histoire de Mowgli
7%
Aucun quiz correspondant
Distribution des résultats
% des personnes avec chaque résultat
Percentile par nombre de réponses
Votre historique - résultats
Vous n’avez pas pris ce quiz